[Event "Capablanca Memorial op-B 48th"]
[Site "Havana"]
[Date "2013.04.30"]
[Round "9"]
[White "Martin, Orlando"]
[Black "Munoz Perez, Rolando"]
[Result "1-0"]
[WhiteElo "2262"]
[BlackElo "2195"]
[PlyCount "127"]
[EventDate "2013.04.21"]
[EventType "swiss"]
[EventRounds "9"]
[EventCountry "CUB"]
[SourceTitle "CBM 154 Extra"]
[Source "ChessBase"]
[SourceDate "2013.06.25"]
[SourceVersion "2"]
[SourceVersionDate "2013.06.25"]
[SourceQuality "1"]

1. d4 Nf6 2. c4 e6 3. Nf3 Bb4+ 4. Nbd2 b6 5. e3 Bb7 6. Bd3 0-0 7. 0-0 d5 8. a3 Be7 9. b4 Nbd7 10. c5 Ne4 11. Qc2 Ndf6 12. c6 Nxd2 13. Bxd2 Bc8 14. Ne5 g6 15. f4 Ne8 16. Rf3 Ng7 17. Rh3 f5 18. a4 a6 19. Kh1 Ne8 20. Rg1 Nd6 21. g4 Bf6 22. Be1 Re8 23. Qg2 Re7 24. Bh4 Rg7 25. Bxf6 Qxf6 26. Rg3 Rb8 27. Qe2 Ra8 28. R1g2 Qe7 29. Qe1 Qe8 30. h4 Nf7 31. h5 Nxe5 32. fxe5 Qxc6 33. hxg6 hxg6 34. Rh3 Bb7 35. gxf5 exf5 36. Bxf5 Rf8 37. b5 axb5 38. axb5 Qe8 39. Bg4 Bc8 40. Bxc8 Qxc8 41. Rgh2 Kf7 42. Rf3+ Ke6 43. Qg3 Qd8 44. Qg4+ Ke7 45. Rhf2 Rxf3 46. Qxf3 Qh8+ 47. Kg1 Rh7 48. Qxd5 Qc8 49. Qf3 Qe6 50. Qf6+ Qxf6 51. Rxf6 Rh3 52. Kf2 Rh2+ 53. Kf3 Rb2 54. Rxg6 Rxb5 55. Rg7+ Kd8 56. Ke4 c6 57. Kf5 Rb3 58. Ke6 Rxe3 59. Kd6 Ke8 60. Kxc6 Re4 61. Kd5 Rh4 62. e6 b5 63. Ke5 b4 64. Rb7 1-0

[Event "Capablanca Memorial op-B 48th"]
[Site "Havana"]
[Date "2013.04.23"]
[Round "3"]
[White "Martin, Orlando"]
[Black "Caballero Rigual, Edis Alberto"]
[Result "1-0"]
[WhiteElo "2262"]
[BlackElo "2065"]
[PlyCount "107"]
[EventDate "2013.04.21"]
[EventType "swiss"]
[EventRounds "9"]
[EventCountry "CUB"]
[SourceTitle "CBM 154 Extra"]
[Source "ChessBase"]
[SourceDate "2013.06.25"]
[SourceVersion "2"]
[SourceVersionDate "2013.06.25"]
[SourceQuality "1"]

1. d4 Nf6 2. c4 g6 3. Nc3 d5 4. Nf3 Bg7 5. Bg5 Ne4 6. cxd5 Nxc3 7. bxc3 Qxd5 8. e3 Nc6 9. Be2 Bg4 10. Bh4 0-0 11. 0-0 Rad8 12. h3 Bf5 13. Nd2 Bc8 14. Bf3 Qd7 15. Bxc6 bxc6 16. Ne4 Qd5 17. Nc5 Rde8 18. Bg3 e5 19. Qa4 f5 20. c4 Qf7 21. dxe5 Bxe5 22. Bxe5 Rxe5 23. Qxa7 Qe7 24. Nd3 Re4 25. Rfc1 Rd8 26. Rc3 Qf6 27. Rac1 Re7 28. Qc5 Red7 29. Qe5 Qf8 30. Nc5 Rd1+ 31. Rxd1 Rxd1+ 32. Kh2 Qd6 33. Qxd6 cxd6 34. Rd3 Rxd3 35. Nxd3 Ba6 36. Nb2 Kf7 37. Kg3 Kf6 38. f4 Ke6 39. Kf3 d5 40. c5 h6 41. h4 h5 42. Na4 Bd3 43. Nc3 Be4+ 44. Kf2 Bd3 45. Ke1 Bc4 46. Kd2 Bf1 47. g3 Bc4 48. a4 Ba6 49. Na2 Kd7 50. Kc3 Kc7 51. Kd4 Bc8 52. Ke5 Bd7 53. Nb4 Be8 54. Ke6 1-0

[Event "Capablanca Memorial op-B 48th"]
[Site "Havana"]
[Date "2013.04.21"]
[Round "1"]
[White "Martin, Orlando"]
[Black "Mandina Verdecia, Yoan"]
[Result "1-0"]
[WhiteElo "2262"]
[BlackElo "2034"]
[PlyCount "103"]
[EventDate "2013.04.21"]
[EventType "swiss"]
[EventRounds "9"]
[EventCountry "CUB"]
[SourceTitle "CBM 154 Extra"]
[Source "ChessBase"]
[SourceDate "2013.06.25"]
[SourceVersion "2"]
[SourceVersionDate "2013.06.25"]
[SourceQuality "1"]

1. d4 Nf6 2. c4 e6 3. Nf3 d5 4. g3 Be7 5. Bg2 0-0 6. 0-0 b6 7. Ne5 Bb7 8. Nc3 Nbd7 9. Qa4 Nxe5 10. dxe5 Ne4 11. Nxe4 dxe4 12. Rd1 Qe8 13. Qc2 Qc6 14. Rd4 Qc5 15. Rd7 Rad8 16. Be3 Qxe5 17. Bf4 Qf6 18. Rxc7 Ba8 19. Be3 Bc5 20. Rxc5 bxc5 21. Bxc5 Rfe8 22. Bxa7 Qe5 23. Be3 f5 24. Rb1 Qf6 25. b4 e5 26. Qc1 f4 27. Bc5 e3 28. fxe3 fxg3 29. e4 Qh4 30. hxg3 Qxg3 31. Qe3 Qg4 32. b5 Re6 33. Qh3 Qxh3 34. Bxh3 Rg6+ 35. Kf2 Bxe4 36. Rb3 Bb7 37. a4 Ra8 38. Ra3 Kf7 39. a5 Rf6+ 40. Ke3 Rd8 41. a6 Ba8 42. b6 Rb8 43. Rb3 Rc6 44. Bg2 Rcxb6 45. Rxb6 Rxb6 46. Bxa8 Rxa6 47. Bb7 Ra2 48. Bd5+ Ke8 49. Bd6 Kd7 50. Bxe5 g5 51. c5 Ra3+ 52. Ke4 1-0